Normal view
MARC view
Entry Topical Term
001 - CONTROL NUMBER
- control field: 10408
003 - CONTROL NUMBER IDENTIFIER
- control field: ARRUPE
005 - DATE AND TIME OF LATEST TRANSACTION
- control field: 20140520142104.0
008 - FIXED-LENGTH DATA ELEMENTS
- fixed length control field: 140520|| aca||aabn | a|a d
040 ## - CATALOGING SOURCE
- Original cataloging agency: ARRUPE
- Transcribing agency: ARRUPE
150 ## - HEADING--TOPICAL TERM
- Topical term or geographic name as entry element: Elandslaagte, Battle of, Elandslaagte, South Africa, 1899.
670 ## - SOURCE DATA FOUND
- Source citation: Work cat.: (ARRUPE)0: McFadden, Pam. 10407, The battle of Elandslaagte, 21 October 1899 /, 1999.